000 00630nam a2200241Ia 4500
003 OSt
005 20221007123701.0
006 a|||||r|||| 00| 0
007 ta
008 221006b |||||||| |||| 00| 0 eng d
024 _a48886
037 _cTextual
040 _aPAPL
_cPAPL
_beng
041 _2eng
_aeng
082 _aC6:212:16, J8
100 _aLawson W D
_9717597
245 0 _aPreperation of single crystals
_b Nielsen S
260 _c1958
650 _aSemiconductor
700 _a Nielsen S
_9717598
942 _hC6:212:16, J8
_cTEXL
_2CC
999 _c1212315
_d1212315